Statistics for Jewish Words Quiz

Click here to take the quiz!

General Stats

  • This quiz has been taken 17,457 times
    (13,365 since last reset)
  • The average score is 14 of 24

Answer Stats

Definition Answer % Correct
Jewish religious teacherRRabbi
95%
Boy's coming of age ritualBBar Mitzvah
85%
Jewish place of worshipSSynagogue
84%
Candle holder with 7 branchesMMenorah
82%
Five books of MosesTTorah
77%
Congratulations!MMazel Tov
75%
Jewish skullcapYYarmulke
73%
Day of AtonementYYom Kippur
72%
Four-sided spinning topDDreidel
70%
Belief in a Jewish homelandZZionism
69%
Cracker-like food eaten
during Passover
MMatzo
63%
Clumsy person (Yiddish)KKlutz
62%
Mystical tradition famously
practiced by Madonna
KKabbalah
56%
Jewish New YearRRosh Hashanah
52%
Passover feastSSeder
51%
Guts; Audacity (Yiddish)CChutzpah
48%
Toast words. To life!LL'chaim
48%
Ethnic group of European JewsAAshkenazi
44%
Bread eaten on the SabbathCChallah
43%
Gentile (Yiddish)GGoy
42%
A real good guy (Yiddish)MMensch
39%
Jewish religious schoolYYeshiva
27%
Attractive female gentile (Yiddish)SShiksa
27%
Comic routine (Yiddish)SSchtick
26%

Score Distribution

Percentile by Number Answered

Percent of People with Each Score

Your Score History

You have not taken this quiz since the last reset